| 000 | 01069nam a2200241Ia 4500 | ||
|---|---|---|---|
| 003 | OSt | ||
| 005 | 20200903135335.0 | ||
| 008 | 191128s2013 ck ad gr 000 0 spa d | ||
| 020 | _a9789587615487 | ||
| 040 |
_aCO-JMCR _cCO-JMCR |
||
| 041 | 0 | _aspa | |
| 082 | 0 | 4 |
_a378.107 / _bU538c _223 |
| 110 | 1 |
_aUniversidad Nacional de Colombia _99734 |
|
| 245 | 1 | 0 |
_aCalidad Académica y Autonomía Responsable : _bplan global de desarrollo 2013-2015 / _cUniversidad Nacional de Colombia, Oficina Nacional de Planeacio |
| 260 |
_aBogotá : _bUniversidad Nacional de Colombia, _c2013. |
||
| 300 |
_a151 páginas : _bgráficos a blanco y negro ; _c 22 x 22 cm. |
||
| 504 | _aBibliografía : páginas 143-145. | ||
| 505 | 0 | _aAnálisis de contexto de la Universidad -- Principales tendencias de la Universidad Nacional de Colombia -- Plan global de desarrollo 2013-2015 "Calidad ecadémica y autonomía responsable" | |
| 650 | 2 | 4 |
_aTendencias universitarias _99735 |
| 650 | 2 | 4 |
_aCalidad académica _99736 |
| 710 | 1 |
_aUniversidad Nacional de Colombia _99734 |
|
| 942 |
_2ddc _cBK |
||
| 999 |
_c6023 _d6023 |
||